000 00430nam a2200157 i 4500
001 bg
100 1 _aPopko, Henryk.
245 0 _aMaszyny przemysłu spożywczego :
_btransport wewnątrzzakładowy /
_cH. Popko, K. Gilewicz, M. Opielak.
260 _aLublin,
_c1985.
700 1 _aGilewicz, Krzysztof.
700 1 _aOpielak, Marek.
040 _cBPK
041 _apol
942 _cKS
008 s pl f |000 0 pol
999 _c3134
_d3134
856 _uhttp://koha.tu.koszalin.pl/cgi-bin/koha/opac-detail.pl?biblionumber=3134
_yKatalog online BPK